000 00569nam a2200205 u 4500
005 20230623063603.0
008 111107s2005 r 000 0 eng d
020 _a970643819X
035 _aUPN01000182441
049 _aI
050 4 _aPZ76.3
_bO3.2
100 1 _aOdi, Rosalía
245 1 3 _aEl burrito está contento /
_cRosalía Odi.
260 _aMéxico :
_bSelector,
_c2005.
300 _a159 p. :
_bil.
440 0 _aLiteratura infantil
650 0 _aAnimales
_vCuentos y leyendas
_9234
650 4 _aCuentos infantiles mexicanos
_97723
905 _aInfantil
999 _c154544
_d154544